000 00585nam a22001937a 4500
003 0
005 20250103104803.0
008 250103b xxu||||| |||| 00| 0 eng d
020 _a9781984688651
050 _aQC 21
_b.F47 2024
100 _aFernandez, Diego
_eauthor.
245 _aCore concepts in mathematics :
_bstatistics /
_cDiego Fernandez.
250 _a2nd ed.
260 _aNew York, NY :
_b3G E-Learning LLC,
_c2024.
300 _aix, 264 p. :
_bcol. ill. ;
_c26 cm.
504 _aIncludes bibliographical references and index.
650 _aMathematics.
942 _2lcc
_cBK
999 _c366856
_d366856